| 000 | 01221nam0a22002651 4500 | ||
|---|---|---|---|
| 001 | rc\3298615 | ||
| 005 | 20130115145707.3 | ||
| 035 | _a(NLR Aleph) 007407600 | ||
| 090 |
_a6780640 _c6780640 |
||
| 100 | _a20130115d1971 |||y0rusy50 ca | ||
| 101 | 0 | _arus | |
| 102 | _aRU | ||
| 105 | _aa z ||||| | ||
| 200 | 1 |
_aРационализация труда механизаторов при подготовке к работе автотракторного парка в зимнее время _fМ-во сел. хоз-ва РСФСР. Всерос. науч.-исслед. ин-т организации и оплаты труда в сел. хоз-ве. Произв.-техн. центр НОТ |
|
| 210 |
_aМосква _cБ. и. _d1971 |
||
| 215 |
_a19 с. _cчерт. _d20 |
||
| 225 | 1 | _aНаучную организацию труда - в производство | |
| 300 | _aАвт. указан на обороте тит. л. | ||
| 333 | _aДля служебного пользования. Экз. № 000897 | ||
| 700 | 1 |
_aШейсер _bА. Б. _gАлександр Борисович |
|
| 801 | 0 |
_aRU _bNLR _gpsbo |
|
| 801 | 1 |
_aRU _bELAR _2rusmarc |
|
| 852 |
_aNLR _j71-50К/4690 |
||
| 942 | _cBOOK | ||
| 980 | _aNB | ||